Modern business analytics : (Record no. 171190)

MARC details
000 -LEADER
fixed length control field 00925nam a22002537a 4500
003 - CONTROL NUMBER IDENTIFIER
control field OSt
005 - DATE AND TIME OF LATEST TRANSACTION
control field 20250127091521.0
008 - FIXED-LENGTH DATA ELEMENTS--GENERAL INFORMATION
fixed length control field 250127b |||||||| |||| 00| 0 eng d
020 ## - INTERNATIONAL STANDARD BOOK NUMBER
International Standard Book Number 9781266108334 (paperback)
040 ## - CATALOGING SOURCE
Original cataloging agency NUST
Language of cataloging eng
Transcribing agency NUST
Modifying agency NUST
Description conventions rda
050 ## - LIBRARY OF CONGRESS CALL NUMBER
Classification number HF5548.2 TAD
100 ## - MAIN ENTRY--PERSONAL NAME
Personal name Taddy, Matt
Relator term Author
245 ## - TITLE STATEMENT
Title Modern business analytics :
Remainder of title practical data science for decision making /
Statement of responsibility, etc. Matt Taddy, Leslie Hendrix and Matthew C Harding.
260 ## - PUBLICATION, DISTRIBUTION, ETC.
Place of publication, distribution, etc. New York :
Name of publisher, distributor, etc. McGraw Hill,
Date of publication, distribution, etc. 2023.
300 ## - PHYSICAL DESCRIPTION
Extent xxii, 442 pages :
Other physical details Illustrations ;
Dimensions 28 cm.
336 ## - CONTENT TYPE
Source rdamedia
Content type term text
Content type code txt
337 ## - MEDIA TYPE
Source rdamedia
Media type term unmediated
Media type code n
338 ## - CARRIER TYPE
Source rdamedia
Carrier type term volume
Carrier type code nc
504 ## - BIBLIOGRAPHY, ETC. NOTE
Bibliography, etc. note Includes bibliographical references and index.
650 ## - SUBJECT ADDED ENTRY--TOPICAL TERM
Form subdivision Business -- Data processing.
700 ## - ADDED ENTRY--PERSONAL NAME
Personal name Hendrix, Leslie
Relator term Author
700 ## - ADDED ENTRY--PERSONAL NAME
Personal name Harding, Matthew C
Relator term Author
942 ## - ADDED ENTRY ELEMENTS (KOHA)
Source of classification or shelving scheme Library of Congress Classification
Koha item type Ordinary Loan Books
Classification part HF5548.2 TAD
Call number prefix HF
Call number suffix TAD
Suppress in OPAC No
Holdings
Withdrawn status Lost status Source of classification or shelving scheme Damaged status Not for loan Collection Home library Current library Shelving location Date acquired Source of acquisition Cost, normal purchase price Total Checkouts Full call number Barcode Date last seen Accession number Cost, replacement price Price effective from Koha item type Public note
    LCC     NFIC MAIN MAIN GEN 01/27/2025 Purchase 57.00   HF5548.2 TAD 92004056992 01/27/2025 25/37 57.00 01/27/2025 BOOKS  
    LCC     NFIC MAIN MAIN GEN 01/27/2025 Purchase 57.00   HF5548.2 TAD 92004057299 01/27/2025 25/38 57.00 01/27/2025 BOOKS Purchase